000 00662nam a2200169 i 4500
001 157649
003 ES-MaACL
005 20230906210801.0
008 040906s1895 fr |||| | fre d
040 _aCAM
_bspa
_cCAM
100 1 _aLevasseur, Emile.
_971915
245 1 3 _aUn essai d'économie sociale par un américain /
_cE. Levasseur.
260 _aParis :
_bV. Giard & E. Briere,
_c1895 (
_eBeaugeney :
_fJ. Laffray)
300 _a7 p. ;
_c26 cm.
595 _aExtrait de la Revue Internationale de Sociologie, IIIe. année nº 10, octobre 1895.
852 _aES-MaACL
_jT-747-F-10
_z-- Enc. hol., conservando la cub. original
_z-- Enc. en un vol. facticio
999 _c157649
_d157649